The Working alliance : (Record no. 12383)

000 -LEADER
fixed length control field 00694pam a2200217 a 4500
020 ## - INTERNATIONAL STANDARD BOOK NUMBER
ISBN 0471546402 (alk. paper)
040 ## - CATALOGING SOURCE
Transcribing agency DLC
082 00 - DEWEY DECIMAL CLASSIFICATION NUMBER
Classification number 616 WIL 1994 A041 Or.
245 04 - TITLE STATEMENT
Title The Working alliance :
Remainder of title theory, research, and practice /
260 ## - PUBLICATION, DISTRIBUTION, ETC. (IMPRINT)
Place of publication New York :
Name of publisher Wiley,
Year of publication c1994.
300 ## - PHYSICAL DESCRIPTION
Number of Pages xii, 304 p. :
Other physical details ill. ;
Dimensions 24 cm.
500 ## - GENERAL NOTE
General note "A Wiley-Interscience publication."
650 #0 - SUBJECT ADDED ENTRY--TOPICAL TERM
Topical Term Therapeutic alliance.
650 #2 - SUBJECT ADDED ENTRY--TOPICAL TERM
Topical Term Psychotherapy
650 #2 - SUBJECT ADDED ENTRY--TOPICAL TERM
Topical Term Research
700 1# - ADDED ENTRY--PERSONAL NAME
Personal name Horvath, Adam O.,
700 1# - ADDED ENTRY--PERSONAL NAME
Personal name Greenberg, Leslie S.
856 42 - ELECTRONIC LOCATION AND ACCESS
Uniform Resource Identifier http://www.loc.gov/catdir/description/wiley033/93021150.html
856 4# - ELECTRONIC LOCATION AND ACCESS
Uniform Resource Identifier http://www.loc.gov/catdir/toc/onix04/93021150.html
942 ## - ADDED ENTRY ELEMENTS (KOHA)
Koha item type សៀវភៅភាសាអង់គ្លេស
952 ## - LOCATION AND ITEM INFORMATION (KOHA)
Withdrawn status [LOCAL, KOHA] 0
Holdings
Permanent Location Date acquired Koha item type Lost status Shelving location Barcode Current Location Full call number
Library Block A2017-08-12សៀវភៅភាសាអង់គ្លេស A041A17100Library Block A616 WIL 1994 A041 Or.
មជ្ឈមណ្ឌលឯការនៃសាកលវិទ្យាល័យភូមិន្ទកសិកម្មចំការដូង

Powered by Koha